00855cam a2200229 a 450000100100000000500170001000800410002702000150006804000250008308200200010810000380012824500870016626000350025330000280028849000280031665000280034465000300037270000480040283000370045095201230048799900150061000000492820200929151534.0780629s1977 sp a 001 p spa  a8423920259 aDO-SdBNPbspacBNPHU aM861.4bF315ó1 aFelipe, Léond1884-1968.91424210aObra poética escogida /cLéon Felipe ; prólogo y selección, Gerardo Diego. aMadrid :bEspasa-Calpe,c1977. a263 p. :bil. ;c18 cm.1 aSelecciones Australv25 4aPoesía mexicana99120 4aLiteratura mexicana919221 aDiego, Gerardo,d1896-1987.epról.914243 0aSelecciones Austral ;n25914244 001052708MOaGRbGRcCTd2009-07-27iLF1l0oM861.4 F315óp4928-10r2020-06-25w2020-06-25y2ZPréstamo interno c4734d4734